Starému Smokovcu pribudne nová dominanta a námestie

Podrobná bibliografia
Médium: Článok
Jazyk:slovenčina
PhysicalDescription:Fotogr.
ISSN:1335-7573
Predmet:
On-line prístup:www.korzar.sk

MARC

LEADER 00000cab a2200000 ar4500
001 vtls009005832
003 SK-MaSNL
005 20260303065712.0
008 070709c2007 xo dr|p|||||||000 ||slo
038 |a PPPK 
040 |a PPPKCL  |b slo  |c PPPK  |e AACR2 
041 0 |a slo 
044 |a xo  |c SK 
080 |a 725.3  |2 1997 
080 |a 656.35  |2 1997 
245 0 0 |a Starému Smokovcu pribudne nová dominanta a námestie  |c [autor] (toti) 
300 |b Fotogr. 
648 7 |a 2007  |2 pppkcl  |9 313226 
650 0 7 |a pozemné lanovky  |2 pppkcl  |9 100404 
650 0 7 |a rekonštrukcia budov  |2 pppkcl  |9 3966 
651 7 |a Starý Smokovec (Vysoké Tatry, Slovensko)  |2 pppkcl  |9 160864 
651 7 |a Poprad (Slovensko : okres)  |2 pppkcl  |9 28675 
655 7 |a projekty  |2 pppkcl  |9 70560 
773 0 |t Tatranský denník Korzár  |g Roč. IX, č. 30 (6.2.2007), s. 4  |x 1335-7573 
852 |a PPPK  |b KIS3GCP 
856 |u www.korzar.sk 
999 |c 1752285  |d 1754215